Not Like the Others: Television Quiz Stats

Quiz Updated Apr 8, 2016

Also try: TV Series Surnames
Challenge
Share
Tweet
Score 0/25 Timer 12:00
0 Plays Today
% Correct
B. Vicki Lawrence was not a Golden Girl.
90.7%
C. Lisa Kudrow was not a member of the cast of Seinfeld.
90.1%
C. Dave Chappelle did not play a Huxtable on the Cosby show.
89.6%
D. Starbuck is from Battlestar Galactica, not Star Trek.
84.1%
B. Detroit is not the setting of a CSI show.
83.1%
A. Bones is a forensic mystery show; the others are medical dramas.
80.2%
A. Dick Van Dyke was not an 'I Love Lucy' cast member.
79.5%
D. Three shows are British sitcoms; The Office is the American version.
75.9%
C. Jack Paar was never a network news anchor.
75.8%
D. Amy Poehler is not one of the stars of 30 Rock.
71.8%
D. Tom Snyder was never the regular host of the Tonight Show.
70.7%
C. South Park is not a NickToon, nor primarily aimed at children.
67.7%
B. Jim Carrey was never a cast member or featured player on SNL.
67.3%
% Correct
C. Green Lantern has never had a live-action TV show.
66.2%
B. Spenser: For Hire did not star William Shatner.
63.2%
B. Cop-Tur was in GoBots, not Transformers.
63.2%
B. Life on the Streets was the subtitle to Homicide, not a Law & Order series.
58.9%
D. House of Cards is a Netflix program, not an HBO program.
54.2%
A. Bobby's World wasn't made for primetime, unlike the others.
52.7%
B. Fozzie Bear is not from Sesame Street like the others.
48.3%
A. Clay Aiken did not win American Idol, as the others did.
46.2%
C. Alex Trebek was never the host of Hollywood Squares.
41%
D. Wyatt Earp was a theatrical film, not a TV miniseries.
37.9%
B. Laverne and Shirley was not a spinoff of All in the Family.
35.7%
A. He-Man was a 1980s Filmation cartoon, not a 1960s Hanna-Barbera toon.
32%

You're not logged in!

Compare scores with friends on all Sporcle quizzes.
Sign Up with Email
OR
Log In

You Might Also Like...

Show Comments

Extras

Top Quizzes Today


Score Distribution

Your Account Isn't Verified!

In order to create a playlist on Sporcle, you need to verify the email address you used during registration. Go to your Sporcle Settings to finish the process.